LIBRARY & INFORMATION CENTRE, KCAET, TAVANUR

ONLINE PUBLIC ACCESS CATALOGUE (OPAC)

Food microbiology / (Record no. 9531)

MARC details
000 -LEADER
fixed length control field 00480cam a2200193ua 4500
041 ## - LANGUAGE CODE
Language code of text/sound track or separate title eng
082 ## - DEWEY DECIMAL CLASSIFICATION NUMBER
Classification number 576.163
Item number FRA/FO
100 ## - MAIN ENTRY--AUTHOR NAME
Personal name Frazier, W C .
245 ## - TITLE STATEMENT
Title Food microbiology /
250 ## - EDITION STATEMENT
Edition statement 3 /
260 ## - PUBLICATION, DISTRIBUTION, ETC. (IMPRINT)
Place of publication New Delhi :
Name of publisher Tata Mc-Graw Hill Publishing Company ,
Year of publication 1989.
300 ## - PHYSICAL DESCRIPTION
Number of Pages 540 ; .
700 1# - ADDED ENTRY--PERSONAL NAME
Personal name Westoff, D C .
942 ## - ADDED ENTRY ELEMENTS (KOHA)
Koha item type Books
Holdings
Withdrawn status Lost status Damaged status Home library Current library Date acquired Full call number Accession Number Koha item type
      KAUAET KAUAET 07/04/2012 664.001 FRA/FO 17697 Books
free website counter